Osvetová beseda a materská škola v obci Píla

Enregistré dans:
Détails bibliographiques
Auteur principal: Sabadka, Pavol (Auteur)
Autres auteurs: Kalivodová, Martina (Directeur de thèse)
Format: Manuscrit Livre
Langue:slovaque
Publié: 2025
Sujets:
Accès en ligne:http://is.stuba.sk/zp/portal_zp.pl?podrobnosti=168328
CRZP
Tags: Ajouter un tag
Pas de tags, Soyez le premier à ajouter un tag!

MARC

LEADER 00000ntm a22000003a 4500
001 stuzp103700
003 SK-STU
005 20250729144722.8
007 ta
008 150427s2015----xo-----f-mn---000-0-slo-d
040 |a STU  |b slo 
041 0 |a slo 
100 1 |a Sabadka, Pavol  |u 010310  |4 aut  |U SvF Stavebná fakulta  |T SvF Katedra architektúry  |X 115651  |U V181|V310  |Y 19  |7 115651 
242 0 1 |a Culture house and kindergarten in the village of Píla  |y eng 
245 1 0 |a Osvetová beseda a materská škola v obci Píla 
260 |c 2025 
650 4 |a Píla  |2 slo 
650 4 |a integrácia histórie a súčasnosti  |2 slo 
650 4 |a novostavba  |2 slo 
650 4 |a Píla  |2 eng 
650 4 |a new building  |2 eng 
650 4 |a integration of history and modernity  |2 eng 
700 1 |a Kalivodová, Martina  |u 010310  |k Z3  |4 ths  |U SvF Stavebná fakulta  |T SvF Katedra architektúry  |X 70030  |U V181|V310  |Y 19  |7 70030 
856 4 |u http://is.stuba.sk/zp/portal_zp.pl?podrobnosti=168328 
856 4 |u https://opac.crzp.sk/?fn=detailBiblioForm&sid=C9A1C75A261DD259FC84461E26A3  |z CRZP